Darwin /
Guardado en:
| Autor Principal: | |
|---|---|
| Otros Autores: | |
| Formato: | Libro |
| Publicado: |
Barcelona :
Salvat,
1985
|
| Materias: | |
| Etiquetas: |
Agregar Etiqueta
Sin Etiquetas, Sea el primero en etiquetar este registro!
|
| LEADER | 00557nam a22001935a 4500 | ||
|---|---|---|---|
| 001 | CEM.cems009942 | ||
| 005 | 20080701113212.0 | ||
| 008 | 130507s1985##################000#0#####d | ||
| 003 | CEMS | ||
| 020 | |a 8434581450 | ||
| 082 | 0 | 4 | |a 925 |
| 100 | 1 | |a Huxley, Julián | |
| 245 | 1 | 0 | |a Darwin / |c Julian Huxley, H. B. D Kettelewell ; faustino Cordon |
| 260 | |a Barcelona : |b Salvat, |c 1985 | ||
| 300 | |a 205 p. | ||
| 653 | |a Biografías | ||
| 653 | |a Darwin, charles-biografía | ||
| 700 | 1 | |a Kettlewell, H. B. D. | |
| 859 | |a CEMS |b BIB. CEMS - 11 de abril |h 925 |i D259 |p 15903.90 |t Ej.1 | ||
